000 00516nab a2200145Ia 4500
003 ES-SlBCS
005 20210601133740.0
008 140529s2007 xxu||||| |||| 00| 0 por d
041 _apor
100 1 _aAmorim de Matos, Fábio
_9209181
245 0 2 _aA limitaçao do élenchos e sua implicaçao na defesa de Sócrates conforme a Apologia de Platao
_c Fábio Amorim De Matos
600 0 4 _aSócrates-Apología
_9209182
773 0 _tEducaçao e Filosofia
_gvol. 21, nº. 42, 2007, págs. 119-153
_wRev1534
942 _cAR
999 _c601494
_d601494